000 00450nam a22001811a 4500
001 891
003 OSt
005 20260204211714.0
008 040115s1975||||ag ||||||b||||||||||spa||
050 _a346.07 G99c
082 _a346.07 G99c
100 _aGuyenot, Jean
245 _aCurso de derecho comercial / Jean Guyenot
264 _aArgentina : Jurídicas Europa-América
300 _a2. tomo
650 _a1.Derecho ComercialÌ
942 _2ddc
_cBK
999 _c891
_d891